Calculus with analytic geometry / (Record no. 952)

MARC details
000 -LEADER
fixed length control field 00740nam a2200265 4500
001 - CONTROL NUMBER
control field 934714
005 - DATE AND TIME OF LATEST TRANSACTION
control field 20141027115337.0
007 - PHYSICAL DESCRIPTION FIXED FIELD--GENERAL INFORMATION
fixed length control field 000
008 - FIXED-LENGTH DATA ELEMENTS--GENERAL INFORMATION
fixed length control field 000
010 ## - LIBRARY OF CONGRESS CONTROL NUMBER
LC control number 83023615
020 ## - INTERNATIONAL STANDARD BOOK NUMBER
International Standard Book Number 087150443X
040 ## - CATALOGING SOURCE
Original cataloging agency UOEL
Transcribing agency DLC
Modifying agency DLC
050 00 - LIBRARY OF CONGRESS CALL NUMBER
Classification number QA303
Item number .S94 1984
082 00 - DEWEY DECIMAL CLASSIFICATION NUMBER
Classification number 515/.15
Edition number 19
100 1# - MAIN ENTRY--PERSONAL NAME
Personal name Swokowski, Earl William,
Dates associated with a name 1926-
245 10 - TITLE STATEMENT
Title Calculus with analytic geometry /
Statement of responsibility, etc Earl W. Swokowski.
250 ## - EDITION STATEMENT
Edition statement 3rd ed.
260 ## - PUBLICATION, DISTRIBUTION, ETC. (IMPRINT)
Place of publication, distribution, etc Boston, Mass. :
Name of publisher, distributor, etc Prindle, Weber & Schmidt,
Date of publication, distribution, etc c1984.
300 ## - PHYSICAL DESCRIPTION
Extent vii, 922, 74 p. :
Other physical details ill. ;
Dimensions 26 cm.
500 ## - GENERAL NOTE
General note Includes index.
650 #0 - SUBJECT ADDED ENTRY--TOPICAL TERM
Topical term or geographic name as entry element Calculus.
General subdivision Mathematics
Topical term or geographic name as entry element Geometry, Analytic.
General subdivision Mathematics
906 ## - LOCAL DATA ELEMENT F, LDF (RLIN)
a 7
b cbc
c orignew
d 1
e ocip
f 19
g y-gencatlg
942 ## - ADDED ENTRY ELEMENTS (KOHA)
Source of classification or shelving scheme Library of Congress Classification
Item type Short Loan for 1 day
Holdings
Withdrawn status Lost status Source of classification or shelving scheme Damaged status Not for loan Home library Current library Shelving location Date acquired Total Checkouts Full call number Barcode Date last seen Date last borrowed Copy number Price effective from Koha item type
    Library of Congress Classification     UOE Main Library UOE Main Library Short Loan Area 27/10/2014 1 QA303 .S94 1984 20141907 27/04/2026 17/12/2016 20141907 27/10/2014 Short Loan for 1 day